| 000 | 02145cam a2200325 i 4500 | ||
|---|---|---|---|
| 003 | SA-RiAUC | ||
| 005 | 20250216064535.0 | ||
| 008 | 250215s2006 su f 00000 ara c | ||
| 020 | _a9960013448 | ||
| 024 | 0 | _a00000000295405 | |
| 040 |
_aQA-DoFIS _bara _cSA-RiAUC. _dKAC _erda |
||
| 082 | 0 | 4 |
_a219.1 _qSA-RiAUC |
| 090 |
_a219.1 _bز و ز |
||
| 100 | 1 |
_aزوزو، فريدة صادق _eمؤلف. |
|
| 245 | 1 | 2 |
_aالنسل : _bدراسة مقاصدية في وسائل حفظه في ضوء تحديات الواقع المعاصر / _cدكتورة فريدة بنت صادق زوزو. |
| 250 | _aالطبعة الأولى. | ||
| 264 | 1 |
_aالرياض : _bمكتبة الرشد ناشرون، _c2006 |
|
| 300 |
_a440 صفحة ؛ _c24 × 17 سم. |
||
| 336 |
_aنص _btxt _2rdacontent _3كتاب |
||
| 337 |
_aبدون وسيط _bn _2rdamedia |
||
| 338 |
_aمجلد _bnc _2rdacarrier |
||
| 490 | 1 |
_aسلسلة الرسائل الجامعية (مكتبة الرشد) ؛ _v157 |
|
| 500 | _aالأصل أطروحة (دكتوراه)-الجامعة الإسلامية العالمية، كلية علوم الوحي والعلوم الإنسانية، 2002. | ||
| 504 | _aببليوجرافية : صفحة 399-427. | ||
| 505 | 0 | _aالمحتويات : الإطار المنهجي للدراسة-توطئة-الفصل التمهيدي : كلية النسل ووسائل حفظها-دراسة نظرية، المبحث الأول : المفاهيم الأولية للبحث، المبحث الثاني : موقع كلية النسل بين كليات الشريعة، المبحث الثالث : أهمية اعتبار وسائل المقاصد-الباب الأول : وسائل حفظ النسل من جانب الوجود-الباب الثاني : وسائل حفظ النسل من جانب الإبقاء والاستدامة-الخاتمة نتائج البحث-فهرس المصادر والمراجع-فهرس الموضوعات. | |
| 650 | 7 |
_aالإسلام وتنظيم النسل _2aucsh |
|
| 650 | 7 |
_aالإسلام والإصلاح الاجتماعي _2aucsh |
|
| 942 |
_2ddc _cBOOK _n0 |
||
| 949 |
_aSA-JeALM _d250215 _uosman123 _n1 |
||
| 999 |
_c5965 _d5965 |
||